000 00728nam a2200121Ia 4500
008 220615s9999||||xx |||||||||||||| ||und||
100 _aBall, Desmond||Lee, Sheryn
245 0 _aPower and International relations: Essays in Honour of Coral Bell
546 _aEnglish[eng]
650 _apolicy||politics||biography||gender studies||Australia||Cold War||Great power||International relations||London||Soviet Union||United States
856 _uhttps://library.oapen.org/bitstream/20.500.12657/33248/1/515956.pdf||https://library.oapen.org/bitstream/20.500.12657/33248/1/515956.pdf||https://library.oapen.org/bitstream/20.500.12657/33248/1/515956.pdf||https://library.oapen.org/bitstream/20.500.12657/33248/1/515956.pdf
942 _cEB
999 _c13422
_d13422